Biggest Cities in Belgium - Statistics

General Stats
  • This quiz has been taken 492 times
  • The average score is 10 of 20
Answer Stats
# City Population % Correct
5. Brussels 188,737
99%
1. Antwerp 530,630
98%
2. Ghent 265,086
89%
8. Bruges 118,509
88%
4. Liège 195,278
86%
3. Charleroi 202,421
74%
9. Namur 112,559
57%
10. Leuven 102,236
56%
12. Mons 96,545
48%
20. Kortrijk 77,741
46%
19. Hasselt 79,524
43%
7. Anderlecht 122,547
42%
15. Mechelen 86,996
42%
13. Aalst 88,854
29%
18. Sint-Niklaas 80,167
24%
11. Sint-Jans-Molenbeek 97,697
21%
6. Schaerbeek 130,690
19%
17. La Louvière 80,992
16%
16. Uccle 85,099
13%
14. Ixelles 87,052
11%
No matching quizzes found
Score Distribution
Percent of People with Each Score
Percentile by Number Answered
Your Score History
You have not taken this quiz